书目信息 |
| 题名: |
《毛泽东思想和中国特色社会主义理论体系概论》重点难点分析
|
|
| 作者: | 苏华 主编 | |
| 分册: | ||
| 出版信息: | 北京 国家行政学院出版社 2018 |
|
| 页数: | 260页 | |
| 开本: | 26cm | |
| 丛书名: | ||
| 单 册: | ||
| 中图分类: | A84 , D616 | |
| 科图分类: | ||
| 主题词: | 毛泽东思想--mao ze dong si xiang--高等学校--教学参考资料 , 中国特色社会主义--zhong guo te se she hui zhu yi--高等学校--教学参考资料 | |
| 电子资源: | ||
| ISBN: | 978-7-5150-2104-1 | |
| 000 | 01138nam0 2200277 450 | |
| 001 | 012001009864 | |
| 005 | 20140101105621.0 | |
| 010 | @a978-7-5150-2104-1@dCNY43.00 | |
| 099 | @aCAL 012018078882 | |
| 100 | @a20180523d2018 em y0chiy50 ea | |
| 101 | 0 | @achi |
| 102 | @aCN@b110000 | |
| 105 | @aa a 000yy | |
| 106 | @ar | |
| 200 | 1 | @a《毛泽东思想和中国特色社会主义理论体系概论》重点难点分析@A《 mao ze dong si xiang he zhong guo te se she hui zhu yi li lun ti xi gai lun 》zhong dian nan dian fen xi@f主编苏华 |
| 210 | @a北京@c国家行政学院出版社@d2018 | |
| 215 | @a260页@c图@d26cm | |
| 320 | @a有书目 (第260页) | |
| 330 | @a本书内容包括: 马克思主义中国化两大理论成果、新民主主义革命理论、社会主义改造理论、社会主义建设道路初步探索的理论成果、建设中国特色社会主义总依据、社会主义本质和建设中国特色社会主义总任务等。 | |
| 606 | 0 | @a毛泽东思想@Amao ze dong si xiang@x高等学校@j教学参考资料 |
| 606 | 0 | @a中国特色社会主义@Azhong guo te se she hui zhu yi@x高等学校@j教学参考资料 |
| 690 | @aA84@v5 | |
| 690 | @aD616@v5 | |
| 701 | 0 | @a苏华@Asu hua@4主编 |
| 801 | 2 | @aCN@b上海新华@c20191020 |
| 905 | @b1189754-7@dA84@e184@f4 | |
| 《毛泽东思想和中国特色社会主义理论体系概论》重点难点分析/主编苏华.-北京:国家行政学院出版社,2018 |
| 260页:图;26cm |
| ISBN 978-7-5150-2104-1:CNY43.00 |
| 本书内容包括: 马克思主义中国化两大理论成果、新民主主义革命理论、社会主义改造理论、社会主义建设道路初步探索的理论成果、建设中国特色社会主义总依据、社会主义本质和建设中国特色社会主义总任务等。 |
| ● |
| 相关链接 |
|
|
|
|
正题名:《毛泽东思想和中国特色社会主义理论体系概论》重点难点分析
索取号:A84/184
 
预约/预借
| 序号 | 登录号 | 条形码 | 馆藏地/架位号 | 状态 | 备注 |
| 1 | 1189754 | 211897544 | 第一样本阅览室/ [索取号:A84/184] | 在馆 | |
| 2 | 1189755 | 211897553 | 第一借阅区/ [索取号:A84/184] | 在馆 | |
| 3 | 1189756 | 211897562 | 第一借阅区/ [索取号:A84/184] | 在馆 | |
| 4 | 1189757 | 211897571 | 第一借阅区/ [索取号:A84/184] | 在馆 |